All Scottish Premiership Clubs Ever - Statistics

General Stats
  • This quiz has been taken 303 times
    302 since last reset
  • The average score is 18 of 45
Answer Stats
First Season Answer % Correct
1890/91 Celtic
100%
1890/91 Rangers
99%
1905/06 Aberdeen
88%
1893/94 Dundee
85%
1890/91 Heart of Midlothian
85%
1895/96 Hibernian
79%
1925/26 Dundee United
72%
2004/05 Inverness CT
69%
1899/00 Kilmarnock
69%
1903/04 Motherwell
65%
1890/91 St Mirren
62%
1925/26 St Johnstone
59%
1897/98 Partick Thistle
57%
2012/13 Ross County
56%
1905/06 Falkirk
55%
1913/14 Ayr United
52%
2001/02 Livingston
51%
1906/07 Hamilton Academical
45%
1926/27 Dunfermline Athletic
43%
1900/01 Queen's Park
43%
1910/11 Raith Rovers
40%
1903/04 Airdrieonians
39%
1933/34 Queen of the South
39%
1891/92 Clyde
37%
1890/91 Dumbarton
37%
1900/01 Greenock Morton
36%
2007/08 Gretna
34%
1930/31 East Fife
33%
1936/37 Arbroath
32%
1922/23 Alloa Athletic
28%
1924/25 Cowdenbeath
23%
1949/50 Stirling Albion
22%
1890/91 Third Lanark
20%
1917/18 Clydebank
17%
1919/20 Albion Rovers
14%
1932/33 East Stirlingshire
14%
1890/91 Vale of Leven
10%
1891/92 Leith Athletic
6%
1891/92 Renton
5%
1893/94 St Bernard's
5%
1890/91 Cambuslang
4%
1890/91 Abercorn
3%
1927/28 Bo'ness
3%
1890/91 Cowlairs
2%
1902/03 Port Glasgow Athletic
1%
No matching quizzes found
Score Distribution
Percent of People with Each Score
Percentile by Number Answered
Your Score History
You have not taken this quiz since the last reset